000 00497nam a2200181 a 4500
001 6301
003 CO-ViMGA
008 141112s2004 ck r 000 u spa d
040 _aCO-ViMGA
_bspa
_cCO-ViMGA
082 _a928.4 N45a
100 1 _aNin, Anais
_95189
245 1 0 _aIncesto :
_bdiario no expurgado, 1932 - 1934
260 _aBuenos Aires :
_bEmece,
_c1996
300 _a416 p : il
650 1 4 _aMILLER, HENRY 1891 - 1980
_95190
650 1 4 _aNIN ANAIS 1903 - 1977
_95191
942 _2ddc
_cBK
999 _c10681
_d10681